Państwa które nazywają się tak samo co ich stolice - Statystyki

Ogólne statystyki
  • Ten quiz został rozwiązany 62 razy
  • Średni wynik to 7 z 10
Statystyki odpowiedzi
Hint Odpowiedź % Poprawnych
Europa Watykan
98%
Europa Luksemburg
92%
Europa San Marino
92%
Europa Andora
90%
Europa Monako
88%
Ameryka Północna Meksyk
77%
Ameryka Północna Gwatemala
50%
Azja Singapur
50%
Azja Kuwejt
48%
Afryka Dżibuti
46%
Nie znaleziono quizów pasujących do podanych kryteriów
Rozkład punktacji
Procent ludzi z każdym wynikiem
Percentyl według liczby udzielonych odpowiedzi
Twoja historia wyników
Nie rozwiązałeś tego quizu